000 01783nam a22002897a 4500
003 DO-SdBNP
005 20220602120223.0
008 210519b 2014 dr a 00| 0 eng d
020 _a9789945442786
040 _aDO-SdBNP
_bspa
_cBNPHU
082 4 _a334
_bO77a
_222
100 1 _aOrtiz, Bernardino
_978627
245 1 0 _aEl ABC del liderazgo de una empresa cooperativa /
_cBernardino Ortiz Vargas ; prólogo: Pedro Corporán Cabrera.
250 _a3a. ed
260 _aSanto Domingo :
_bAmigo del Hogar,
_c2014.
300 _a184 p. :
_bil., fots., grafcs. ;
_c23 cm.
500 _aIncluye datos biográficos del autor : p. 181-184
504 _aBibliografía : p. 177-179
505 0 _tPrólogo --
_tIntroducción --
_tLa naturaleza de las cooperativas --
_tNormas, filosofía y valores éticos y morales de las cooperativas --
_tLa estructura básica de poder en las cooperativas --
_tEl consejo de administración --
_tEl comité de crédito --
_tEl consejo de vigilancia --
_tComisión de educación --
_tLos recursos humanos en la cooperativa --
_tEl manejo de conflictos en las cooperativas --
_tLa ética y la moral en el manejo de la empresa cooperativa --
_tEl rol del estado en el proceso de desarrollo social, económico y cultura de las cooperativas --
_tAspectos doctrinarios que los dirigentes cooperativistas deben asumir --
_tSolidaridad y humanismo en las cooperativas --
_tLas cooperativas, la tecnología y el futuro --
_tPerfil del buen dirigente cooperativista --
590 _aInventariado, 2021 /LP
650 4 _aCooperativas
_zRepública Dominicana
_96532
650 4 _aAdministración de cooperativas
_921613
700 1 _aCorporán Cabrera, Pedro,
_eprólogo
_978625
910 _aLoPérez/Validado. Control de calidad MFF
942 _2ddc
_cLBS1
956 _aLOPEREZ
999 _c49828
_d49828